000 01102cam a2200325 4500
001 B2801
008 090401t1990 xxu||||| |||| 00| 0 eng d
035 _a(Sirsi) u52270
041 _aeng
050 _a692.50285
090 _aRICS 1990/9ABCD
110 _aInstitution and College Conferences
_92330
245 _aQuantity surveyors and computers - the future? Conference at the Barbican, 30 January 1990
260 _aLondon
_bRICS
_c1990
300 _a7 papers ; 30cm.
350 _a0
520 _aRICS QS Div.Papers by Curran,J.C. with Smith,R.M. and Christie,C. , Hawkins,P. with Massey,R. , Grover,B. , Hemmett,J. , Kilty,B. , Stafford,K.W. , Jarrett,M. 1990/C is a photocopy.
650 _aCAD
650 _aCOMPUTER AIDED DESIGN
650 _aCOMPUTERS
650 _aDBMS
650 _aEDICON
650 _aEXPERT SYSTEMS
650 _aFIDIC CONDITIONS OF CONTRACT
650 _aMANAGEMENT-BUSINESS MANAGEMENT-INFORMATION MANAGEMENT
650 _aMANAGEMENT-PROJECT MANAGEMENT
650 _aBUILT ENVIRONMENT-QUANTITY SURVEYING
942 _n0
948 _c04/03/1997
999 _c93019
_d93019